Διερεύνηση των δυνατοτήτων και προοπτικών τουριστικής ανάπτυξης του νομού Λάρισας : πτυχιακή εργασία

Αποθηκεύτηκε σε:
Λεπτομέρειες βιβλιογραφικής εγγραφής
Κύριος συγγραφέας: Γκουντοπούλου, Χρυσούλα
Συγγραφή απο Οργανισμό/Αρχή: Πανεπιστήμιο Αιγαίου. Σχολή Κοινωνικών Επιστημών. Τμήμα Γεωγραφίας
Άλλοι συγγραφείς: Μπριασούλη, Ελένη (Εισηγητής διατριβής)
Μορφή: Thesis Βιβλίο
Γλώσσα:Greek
Δημοσίευση: Μυτιλήνη : Πανεπιστήμιο Αιγαίου, Σχολή Κοινωνικών Επιστημών, Τμήμα Γεωγραφίας, 2006
Θέματα:
Ετικέτες: Προσθήκη ετικέτας
Δεν υπάρχουν, Καταχωρήστε ετικέτα πρώτοι!

MARC

LEADER 00000cam a2200000 i 4500
001 1/40704
008 070206s2006 gre d
035 |l 10086897 
040 |a GR-MY-UA  |b gre  |e aacr 
041 0 |a gre 
082 0 |a 338.4791  |2 (22) 
100 1 |a Γκουντοπούλου, Χρυσούλα. 
245 1 0 |a Διερεύνηση των δυνατοτήτων και προοπτικών τουριστικής ανάπτυξης του νομού Λάρισας :  |b πτυχιακή εργασία /  |c Γκουντοπούλου Χρυσούλα ; επιβλέπουσα καθηγήτρια Μπριασούλη - Καπετανάκη Ελένη 
260 |a Μυτιλήνη :   |b Πανεπιστήμιο Αιγαίου, Σχολή Κοινωνικών Επιστημών, Τμήμα Γεωγραφίας,   |c 2006 
300 |a 236 σ.;  |b διαγρ., πίν., χάρτες;  |c 30 εκ. 
502 # # |a Πτυχιακή εργασία – Πανεπιστήμιο Αιγαίου, Λέσβος, 2006. 
504 |a Βιβλιογραφία: σ. 174-181 
650 0 0 |a Tourism  |z Greece  |z Larisa. 
650 0 0 |a Sustainable development  |z Greece  |z Larisa. 
650 0 0 |a Dissertations, Academic  |z Greece. 
651 0 |a Larisa (Greece)  |x Economic aspects. 
700 1 |a Μπριασούλη, Ελένη.  |4 ths 
710 2 |a Πανεπιστήμιο Αιγαίου.   |b Σχολή Κοινωνικών Επιστημών.   |b Τμήμα Γεωγραφίας. 
852 |a INST  |b LESVOS  |c DIATR  |e 20070206  |h 415  |p 005100036587  |q 005100036587  |t DIE  |y 23 
852 |a INST  |b LESVOS  |c DIATR  |e 20070206  |h 416  |p 005100036586  |q 005100036586  |t DIE  |y 23 
901 |a BIBL1-2007-1 
909 |a Λ  |b 130525 
909 |a Λ  |b 130526 
924 |a ΓΚΟΥΝΤΟΠΟΥΛΟΥ  |b ΧΡΥΣΟΥΛΑ  |y ΛΕΣΒΟΣ  |z 2006-11 
970 |a ΒΑΡΚΑ  |b ΕΛΕΥΘΕΡΙΑ  |z 2007/02/06